LEADER 04262nam 2200673 450 001 9910460606603321 005 20200520144314.0 010 $a3-11-042609-9 010 $a3-11-042547-5 024 7 $a10.1515/9783110425475 035 $a(CKB)3710000000393054 035 $a(EBL)1880355 035 $a(SSID)ssj0001578818 035 $a(PQKBManifestationID)16255222 035 $a(PQKBTitleCode)TC0001578818 035 $a(PQKBWorkID)14860472 035 $a(PQKB)10176044 035 $a(DE-B1597)450852 035 $a(OCoLC)908080103 035 $a(DE-B1597)9783110425475 035 $a(MiAaPQ)EBC1880355 035 $a(Au-PeEL)EBL1880355 035 $a(CaPaEBR)ebr11049420 035 $a(CaONFJC)MIL821083 035 $a(EXLCZ)993710000000393054 100 $a20150509h20152015 uy 0 101 0 $ager 135 $aur|n|---||||| 181 $ctxt 182 $cc 183 $acr 200 00$aReceptio copernicana $etexte zur aufnahme der copernicanischen theorie. kommentare und deutsche U?bersetzungen /$fbearbeitet von Stefan Kirschner, Andreas Ku?hne und Felix Schmeidler 210 1$aBerlin, [Germany] ;$aMunich, [Germany] ;$aBoston, [Massachusetts] :$cWalter de Gruyter GmbH,$d2015. 210 4$d©2015 215 $a1 online resource (544 p.) 225 0 $aNicolaus Copernicus Gesamtausgabe ;$vBAND VIII/2 300 $aDescription based upon print version of record. 311 $a3-11-042548-3 311 $a3-05-004659-7 320 $aIncludes bibliographical references. 327 $tFrontmatter -- $tVorwort -- $tInhaltsverzeichnis -- $t1. Einleitung -- $t2. Übersicht über die in der Receptio Copernicana enthaltenen Texte, Übersetzungen und Kommentare -- $t3. Die Narratio Prima und das Encomium Prussiae von Georg Joachim Rheticus -- $t4. Die Abhandlung De Terrae motu von Georg Joachim Rheticus -- $t5. Die Chorographia von Georg Joachim Rheticus -- $t6. Die Documenta Cartographica -- $t7. Die Orationes duae, prima de Astronomia & Geographia, altera de Physica von Georg Joachim Rheticus -- $t8. Die Ephemeriden für das Jahr 1551 von Georg Joachim Rheticus -- $t9. Der Kommentar zu De revolutionibus von Erasmus Reinhold -- $t10. Das Fragment des ?Krakauer Anonymus? -- $t11. Die Notae zu De revolutionibus von Nicolaus Mulerius -- $t12. Der Thesaurus observationum von Nicolaus Mulerius -- $t13. Appendix I -- $t14. Appendix IV: Ergänzungen im Text der Narratio prima in den Ausgaben Tübingen 1596 und Frankfurt 1621 -- $t15. Appendix V: Briefe, die sich auf Rheticus? Narratio prima, die Chorographia sowie den Tractatus de terrae motu beziehen -- $t16. Appendix X: Erasmus Reinholds kurzer Kommentar zur Größe des Epizykels der Venus gemäß Ptolemaeus -- $t17. Anmerkungen zu den Appendices VI, VII, VIII und IX -- $t18. Literaturverzeichnis -- $t19. Register 330 $aDieser Band enthält Kommentare, Anmerkungen und vollständige deutsche Übersetzungen zu den im Band VIII,1 edierten Texten zur Aufnahme und Ausbreitung der copernicanischen Theorie im 16. Jahrhundert. Neben den Schriften von Georg Joachim Rheticus (1514-1574) über die heliozentrische Kosmologie werden die De revolutionibus-Kommentare von Erasmus Reinhold (1511-1553) und Nicolaus Mulerius (1564-1630) durch umfangreiche Interpretationen erschlossen. 330 $aThis volume contains commentaries, extensive annotations, and complete translations into German of the edited texts in volume VIII/1 on the reception and spread of Copernican theory in the sixteenth century. Above all the writings on heliocentric cosmology by Georg Joachim Rheticus (1514-1574), the De revolutionibus commentaries of Erasmus Reinhold (1511-1553) and of Nicolaus Mulerius (1564-1630) are translated and commented. 606 $aAstronomy$xResearch 606 $aAstronomy$zGermany$xHistory 608 $aElectronic books. 615 0$aAstronomy$xResearch. 615 0$aAstronomy$xHistory. 676 $a520.72 702 $aKirschner$b Stefan 702 $aKu?hne$b Andreas 702 $aSchmeidler$b Felix 801 0$bMiAaPQ 801 1$bMiAaPQ 801 2$bMiAaPQ 906 $aBOOK 912 $a9910460606603321 996 $aReceptio copernicana$92461209 997 $aUNINA LEADER 02258oem 2200457Ia 450 001 9910695219303321 005 20060906170122.0 035 $a(CKB)5470000002368551 035 $a(OCoLC)57379646 035 $a(EXLCZ)995470000002368551 100 $a20050107d2004 da 101 0 $aeng 135 $aurcz|---||||| 135 $aurcnu---m|||| 181 $ccrd$2rdacontent 182 $cc$2rdamedia 183 $acr$2rdacarrier 200 10$aDigital engineering aspects of karst map, a GIS version of Davies, W.E., Simpson, J.H., Ohlmacher, G.C., Kirk, W.S., and Newton, E.G., 1984, Engineering aspects of karst, U.S. Geological Survey, National atlas of the United States of America, scale 1:7,500,000$b[electronic resource] /$fby B.D. Tobin and D.J. Weary ; U.S. Department of the Interior, U.S. Geological Survey 205 $aVersion 1.0. 210 1$aReston, VA :$cU.S. Geological Survey,$d2004. 215 $a3 electronic maps $cdigital, PDF file 225 1 $aU.S. Geological Survey open-file report ;$v2004-1352 300 $aTitle from title page (viewed on Sept. 6, 2006). 300 $aDigital facsimile of the original 1984 "Engineering Aspects of Karst Map" by Davies and others. 300 $aIncludes text. 320 $aIncludes bibliographical references. 517 $aDigital engineering aspects of karst map, a GIS version of Davies, W.E., Simpson, J.H., Ohlmacher, G.C., Kirk, W.S., and Newton, E.G., 1984, Engineering aspects of karst, U.S. Geological Survey, National atlas of the United States of America, scale 1 606 $aKarst$zUnited States$xEnvironmental conditions$vMaps 608 $aMaps.$2lcgft 615 0$aKarst$xEnvironmental conditions 701 $aTobin$b B. D$01380714 701 $aWeary$b David J$01380715 701 $aDavies$b W. E$01380716 801 0$bGIS 801 1$bGIS 801 2$bOCLCQ 801 2$bGPO 906 $aBOOK 912 $a9910695219303321 996 $aDigital engineering aspects of karst map, a GIS version of Davies, W.E., Simpson, J.H., Ohlmacher, G.C., Kirk, W.S., and Newton, E.G., 1984, Engineering aspects of karst, U.S. Geological Survey, National atlas of the United States of America, scale 1:7,500,000$93422709 997 $aUNINA LEADER 01820oam 2200493M 450 001 9910716246603321 005 20200213070513.9 035 $a(CKB)5470000002519660 035 $a(OCoLC)1065789694 035 $a(OCoLC)995470000002519660 035 $a(EXLCZ)995470000002519660 100 $a20071213d1926 ua 0 101 0 $aeng 135 $aurcn||||||||| 181 $ctxt$2rdacontent 182 $cc$2rdamedia 183 $acr$2rdacarrier 200 10$aBridge across the Pea River near Geneva, Ala. March 6 (calendar day, March 8), 1926. -- Ordered to be printed 210 1$a[Washington, D.C.] :$c[U.S. Government Printing Office],$d1926. 215 $a1 online resource (2 pages) 225 1 $aSenate report / 69th Congress, 1st session. Senate ;$vno. 297 225 1 $a[United States congressional serial set ] ;$v[serial no. 8524] 300 $aBatch processed record: Metadata reviewed, not verified. Some fields updated by batch processes. 300 $aFDLP item number not assigned. 517 $aBridge across the Pea River near Geneva, Ala. March 6 606 $aBridge construction industry 606 $aBridges$xDesign and construction 606 $aBridges 606 $aLegislative amendments 608 $aLegislative materials.$2lcgft 615 0$aBridge construction industry. 615 0$aBridges$xDesign and construction. 615 0$aBridges. 615 0$aLegislative amendments. 701 $aBingham$b Hiram$f1875-1956$pRepublican (CT)$0463205 801 0$bWYU 801 1$bWYU 801 2$bOCLCO 801 2$bOCLCQ 801 2$bOCLCO 906 $aBOOK 912 $a9910716246603321 996 $aBridge across the Pea River near Geneva, Ala. March 6 (calendar day, March 8), 1926. -- Ordered to be printed$93482476 997 $aUNINA